| 000 | 00649nam a22001937a 4500 | ||
|---|---|---|---|
| 999 |
_c188177 _d188177 |
||
| 005 | 20220511172850.0 | ||
| 010 | _aUR-11550 | ||
| 020 |
_c200.00 _a9788194847106 |
||
| 035 | _aU-10105 | ||
| 037 |
_bDBAD/PUB _a- |
||
| 082 |
_aک _2Ist |
||
| 100 | _aمحمد مجيب ا حمد | ||
| 245 |
_aز ند گی کا سفر _c محمد مجيب ا حمد _hا ر د و |
||
| 246 |
_bZindgi Ka Safar (Urdu) _aby Mohd.Mujeeb Ahmad |
||
| 260 |
_aTilangana _bMujeeb Publications _c2019 ء |
||
| 270 |
_a2-3-48/G,Fatima Gulshan,Qadri Bagh,Amber Peet , _bHyderabad _e500013 _k9676864045 _l- |
||
| 300 |
_a104 ص _c22 Cm(Hb) |
||
| 942 |
_2ddc _cUR _hک _mم ح م |
||